Manual of the biochemical laboratories of the Graduate hospital, University of Pennsylvania, (Record no. 90495)

MARC details
000 -LEADER
fixed length control field 00783cam a22002411 4500
001 - CONTROL NUMBER
control field sg 44000293
003 - CONTROL NUMBER IDENTIFIER
control field DLC
005 - DATE AND TIME OF LATEST TRANSACTION
control field 20260227112744.0
008 - FIXED-LENGTH DATA ELEMENTS--GENERAL INFORMATION
fixed length control field 810725s1944 xx f 000 0 eng
010 ## - LIBRARY OF CONGRESS CONTROL NUMBER
LC control number sg 44000293
035 ## - SYSTEM CONTROL NUMBER
System control number (OCoLC)14734811
040 ## - CATALOGING SOURCE
Original cataloging agency DLC
Transcribing agency DNLM
Modifying agency DLC
042 ## - AUTHENTICATION CODE
Authentication code premarc
050 00 - LIBRARY OF CONGRESS CALL NUMBER
Classification number RB37
Item number .K4 1944
060 0# - NATIONAL LIBRARY OF MEDICINE CALL NUMBER
Classification number QY 25
Item number K29m 1944
100 1# - MAIN ENTRY--PERSONAL NAME
Personal name Keller, Alexander George,
Dates associated with a name 1895-
245 10 - TITLE STATEMENT
Title Manual of the biochemical laboratories of the Graduate hospital, University of Pennsylvania,
Statement of responsibility, etc. compiled by Alexander G. Keller, jr. ...
250 ## - EDITION STATEMENT
Edition statement 3d ed.
260 ## - PUBLICATION, DISTRIBUTION, ETC.
Place of publication, distribution, etc. [Philadelphia,
Name of publisher, distributor, etc. University of Pennsylvania]
Date of publication, distribution, etc. 1944.
300 ## - PHYSICAL DESCRIPTION
Extent 154 p.
Other physical details plates.
504 ## - BIBLIOGRAPHY, ETC. NOTE
Bibliography, etc. note Includes "References."
710 2# - ADDED ENTRY--CORPORATE NAME
Corporate name or jurisdiction name as entry element University of Pennsylvania.
Subordinate unit Graduate hospital.

No items available.

Powered by Koha